MARC details
| 000 -CABECERA |
| campo de control de longitud fija |
00915nam a22002297a 4500 |
| 005 - FECHA Y HORA DE LA ÚLTIMA TRANSACCIÓN |
| campo de control |
20220317101810.0 |
| 008 - ELEMENTOS DE LONGITUD FIJA--INFORMACIÓN GENERAL |
| campo de control de longitud fija |
220308s2007 sp|||||fr|||| 00| 0 spa d |
| 020 ## - NÚMERO INTERNACIONAL NORMALIZADO PARA LIBROS |
| Número Internacional Estándar del Libro |
9788436944297 |
| 040 ## - FUENTE DE LA CATALOGACIÓN |
| Centro catalogador/agencia de origen |
MX-MxUPN |
| Lengua de catalogación |
spa |
| Centro/agencia transcriptor |
UPN |
| 050 14 - SIGNATURA TOPOGRÁFICA DE LA BIBLIOTECA DEL CONGRESO |
| Número de clasificación |
LC1099.5 E5 |
| Número de documento/Ítem |
V6.3 |
| 245 #0 - MENCIÓN DE TÍTULO |
| Título |
Voces del aula : |
| Resto del título |
etnografías de la escuela multiligüe / |
| Mención de responsabilidad, etc. |
[ed.: Luisa Martín Rojo y Laura Mijares] |
| 260 ## - PUBLICACIÓN, DISTRIBUCIÓN, ETC. |
| Lugar de publicación, distribución, etc. |
[España] : |
| Nombre del editor, distribuidor, etc. |
Ministerio de Educación y Ciencia, Centro de Investigación y Documentación Educativa , |
| Fecha de publicación, distribución, etc. |
[2007?] |
| 300 ## - DESCRIPCIÓN FÍSICA |
| Extensión |
251 p. : |
| Otras características físicas |
fot. |
| 440 ## - MENCIÓN DE SERIE/ASIENTO SECUNDARIO--TÍTULO |
| 9 (RLIN) |
44027 |
| Título |
Colección Estudios Creade |
| Designación de volumen o secuencia |
3 |
| 500 ## - NOTA GENERAL |
| Nota general |
Mención de responsabilidad tomada del reverso de la portada. |
| 650 #7 - ASIENTO SECUNDARIO DE MATERIA - TERMINO TEMATICO |
| 9 (RLIN) |
44030 |
| Término de materia o nombre geográfico como elemento de entrada |
Educación multilingüe |
| Subdivisión geográfica |
España |
| 650 #2 - ASIENTO SECUNDARIO DE MATERIA - TERMINO TEMATICO |
| 9 (RLIN) |
13660 |
| Término de materia o nombre geográfico como elemento de entrada |
EDUCACION MULTICULTURAL - |
| Subdivisión geográfica |
ESPAÑA |
| 700 1# - ASIENTO SECUNDARIO--NOMBRE DE PERSONAL |
| 9 (RLIN) |
44028 |
| Nombre de persona |
Rojo, Luisa Martín |
| Término indicativo de función/relación |
ed. |
| 700 1# - ASIENTO SECUNDARIO--NOMBRE DE PERSONAL |
| 9 (RLIN) |
44029 |
| Nombre de persona |
Mijares Molina, Laura |
| Término indicativo de función/relación |
ed. |
| 942 ## - ELEMENTOS DE PUNTO DE ACCESO ADICIONAL (KOHA) |
| Fuente del sistema de clasificación o colocación |
Library of Congress Classification |
| Tipo de ítem Koha |
Libro |